Normal view
MARC view
Entry Personal Name
001 - CONTROL NUMBER
- control field: 60557
003 - CONTROL NUMBER IDENTIFIER
- control field: dpl
005 - DATE AND TIME OF LATEST TRANSACTION
- control field: 20240102160737.0
008 - FIXED-LENGTH DATA ELEMENTS
- fixed length control field: 240102|| aca||aabn | a|a d
040 ## - CATALOGING SOURCE
- Original cataloging agency: dpl
- Transcribing agency: dpl
100 ## - HEADING--PERSONAL NAME
- Personal name: Chattopadhyay,Partha
670 ## - SOURCE DATA FOUND
- Source citation: Work cat.: (dpl)199810: Chattopadhyay,Partha , A Practical Guide to the Colon Classification Edition-7/
